000
00418nam a2200145Ia 4500
008
100122s9999 xx 000 0 und d
082
_b
32018
_a
821
100
_a
धुळे प्रकाश
245
_a
रक्तचांदणी
260
_b
प्र.ना.शेणई
_c
1982
300
_a
64
630
_a
रक्तचांदणी
730
_a
रक्तचांदणी
942
_c
BOOK
999
_c
416509
_d
416506